[Event "30th Capablanca Memorial"]
[Site "Matanzas City CUB"]
[Date "1995.??.??"]
[Round "13"]
[White "Hoffman, Alejandro"]
[Black "Cifuentes Parada, Roberto"]
[Result "0-1"]
[WhiteElo "2515"]
[BlackElo "2535"]
[EventDate "1995.05.??"]
[PlyCount "104"]

1.e4 c5 2.c3 e6 3.d4 d5 4.exd5 exd5 5.Bb5+ Nc6 6.Nf3 Bd6 7.O-O Ne7 8.dxc5 
Bxc5 9.Nbd2 O-O 10.Nb3 Bb6 11.Nfd4 Qd6 12.Re1 Bd7 13.a4 a6 14.Bf1 Ne5 15.
a5 Ba7 16.Bf4 N7g6 17.Bg3 Qf6 18.Nc2 Ng4 19.Nbd4 h5 20.Qf3 Qxf3 21.Nxf3 f5
22.Ncd4 f4 23.Bh4 Nxh4 24.Nxh4 Rae8 25.Ng6 Rf7 26.Rxe8+ Bxe8 27.Re1 Bc6 
28.h3 Bxd4 29.cxd4 Nh6 30.Bd3 Rf6 31.Re5 f3 32.g3 Nf7 33.Rxh5 Re6 34.Ne5 
Nxe5 35.Rxe5 Rxe5 36.dxe5 Kf7 37.Bf5 Bb5 38.g4 Be2 39.Kh2 d4 40.Kg3 d3 41.
Bxd3 Bxd3 42.Kxf3 Ke6 43.Kf4 Bb1 44.h4 Bc2 45.h5 Bb1 46.f3 Bc2 47.g5 Bb1 
48.g6 Bc2 49.Kg5 Kxe5 50.h6 gxh6+ 51.Kxh6 Kf6 52.g7 Kf7 0-1

[Event "30th Capablanca Memorial"]
[Site "Matanzas City CUB"]
[Date "1995.??.??"]
[Round "13"]
[White "Blanco Fernandez, Alvaro"]
[Black "Lima, Darcy"]
[Result "1/2-1/2"]
[WhiteElo "2455"]
[BlackElo "2505"]
[EventDate "1995.05.??"]
[PlyCount "21"]

1.e4 e5 2.Nf3 Nc6 3.d4 exd4 4.Nxd4 Nf6 5.Nc3 Bb4 6.Nxc6 bxc6 7.Bd3 d5 8.
exd5 cxd5 9.Qe2+ Qe7 10.O-O Qxe2 11.Nxe2 1/2-1/2